Pravidlá futbalu : platné od 1. marca 1973 /

Uložené v:
Podrobná bibliografia
Ďalší autori: Hajdovský, Vladimír (Editor)
Médium: Kniha
Jazyk:Slovak
Vydané: Bratislava : Šport, 1973.
Vydanie:2. dopln. vyd.
Edícia:Pravidlá
ISBN: (brož.)
Fyzický popis: 155 s. : il.
Tagy: Pridať tag
Žiadne tagy, Buďte prvý kto otaguje tento záznam!

MARC

LEADER 00000nam a22000001 4500
001 000413921
005 20121225202950.0
008 020525s1973 xo slo d
020 |a (brož.)  |c Kčs 12,00 
040 |a SVKKK  |b slo  |c SVKKK  |e AACR2 
041 0 |a slo 
044 |a xo  |c SK 
245 0 0 |a Pravidlá futbalu :  |b platné od 1. marca 1973 /  |c sprac. Vladimír Hajdovský. 
250 |a 2. dopln. vyd. 
260 |a Bratislava :  |b Šport,  |c 1973. 
300 |a 155 s. :  |b il. 
490 1 |a Pravidlá 
700 1 |a Hajdovský, Vladimír  |4 edt 
830 0 |a Pravidlá 
910 |a svkkk 
998 |a BK 
090 |g SCKHL  |k Sklad Hlavná 10 suterén  |a I.39018  |j 515252  |i 2720629523  |s Absenčne 
090 |g SCKHL  |k Sklad Hlavná 10 suterén  |a I.42166  |j 496646  |i 2720462977  |s Absenčne